Liste des champions nationaux 2021-2022 (zone UEFA) - Statistiques

Statistiques générales
  • Ce quiz a été pris 90 fois
  • Le résultat moyen est 17 sur 55
Statistiques - réponses
Pays Champion % Correct
Angleterre Manchester City
98%
Espagne Real Madrid
98%
Allemagne Bayern Munich
96%
France Paris Saint Germain
95%
Pays-Bas Ajax Amsterdam
88%
Portugal Porto
87%
Ecosse Celtic Glasgow
83%
Belgique Club Brugge
72%
Italie Milan AC
70%
Autriche Red Bull Salzbourg
70%
Serbie Etoile Rouge Belgrade
59%
Danemark FC Copenhague
55%
Russie Zenit St Petersbourg
55%
Suisse FC Zurich
49%
Grèce Olympiakos
49%
Israël Maccabi Haïfa
48%
Ukraine Shakthar Donetsk
48%
Croatie Dinamo Zagreb
39%
Tchéquie Slavia Prague
37%
Moldavie Sheriff Tiraspol
29%
Turquie Trabzonspor
29%
Liechtenstein Vaduz
28%
Azerbaïdjan Qarabag
27%
Kazakhstan FC Astana
26%
Roumanie CFR Cluj
24%
Pologne Lech Poznan
23%
Finlande HJK Helsinki
22%
Bulgarie Ludogorets Razgrad
22%
Chypre Apollon Limassol
21%
Hongrie Ferencvaros
21%
Norvege Molde
21%
Albanie KF Tirana
17%
Slovénie Maribor
17%
Luxembourg Dudelange
12%
Géorgie Dinamo Tbilissi
11%
Irlande Shamrock Rovers
11%
Slovaquie Slovan Bratislava
11%
Estonie Flora Tallinn
9%
Pays de Galles The New Saints
6%
Gibraltar Lincoln Red Imps
5%
Lituanie Zalgiris
5%
Arménie Pyunik
4%
Saint-Marin La Fiorita
2%
Irlande du Nord Linfield
2%
Suede BK Hacken
1%
Kosovo FC Ballkani
1%
Malte Hibernians
1%
Islande Breidablik
0%
Andorre Inter Escaldes
0%
Iles Féroé KI Klaksvik
0%
Belarus Shaktyor Soligorsk
0%
Macédoine du Nord Shkupi
0%
Monténégro Sutjeska
0%
Lettonie Valmiera
0%
Bosnie-Herzégovine Zrinjski
0%
Aucun quiz correspondant
Distribution des résultats
% des personnes avec chaque résultat
Percentile par nombre de réponses
Votre historique - résultats
Vous n’avez pas pris ce quiz